Modern display alphabets: 100 complete fonts
Сохранить в:
| Главный автор: | |
|---|---|
| Формат: | |
| Язык: | английский |
| Опубликовано: |
Nueva York
Dover
1974
|
| Серии: | Dover books on lettering, graphic arts and printing
|
| Предметы: | |
| Метки: |
Добавить метку
Нет меток, Требуется 1-ая метка записи!
|
MARC
| LEADER | 00000nam a2200000 a 4500 | ||
|---|---|---|---|
| 001 | UCV8583 | ||
| 003 | CL-VaPUC | ||
| 008 | 911015e19740000US |||||||||||||||||eng|d | ||
| 082 | 0 | 4 | |a 686.224 |b KEN |2 21 |
| 100 | 0 | |a Kennedy, Paul E |e author |9 302613 | |
| 245 | 1 | 0 | |a Modern display alphabets: 100 complete fonts |
| 300 | |a 100 p | ||
| 942 | |c BK | ||
| 945 | |d 19911015 00:00:00 | ||
| 260 | |a Nueva York |b Dover |c 1974 | ||
| 650 | 0 | |a Alfabetos |9 265604 | |
| 650 | 7 | |a LETRAS ORNAMENTALES |2 CL-VaPUC |9 302614 | |
| 583 | |a last modification |c 19911015 00:00:00 |k Rodrigo Vera | ||
| 490 | 0 | |a Dover books on lettering, graphic arts and printing | |
| 999 | |c 214073 |d 214071 | ||
| 952 | |0 0 |1 0 |4 0 |6 686_224000000000000_KEN_1974 |7 0 |8 A |9 197106 |a BIBARQ |b BIBARQ |d 2019-11-14 |i 2648393 |o 686.224 KEN 1974 |p 2648393 |r 2025-01-20 |w 2019-11-14 |y BK |k ARQ | ||
| 952 | |0 0 |1 0 |4 0 |6 686_224000000000000_KEN_1974 |7 0 |8 A |9 197107 |a BIBARQ |b BIBARQ |d 2019-11-14 |i 2648407 |o 686.224 KEN 1974 |p 2648407 |r 2025-01-20 |w 2019-11-14 |y BK |k ARQ | ||